[Event "Olympiad-32"]
[Site "Yerevan"]
[Date "1996.09.19"]
[Round "4.4"]
[White "Sadler, Matthew D"]
[Black "Nevednichy, Vladislav"]
[Result "1-0"]
[WhiteElo "2615"]
[BlackElo "2525"]
[Annotator "Ftacnik,L"]
[PlyCount "57"]
[EventDate "1996.09.15"]
[EventType "team-swiss"]
[EventRounds "14"]
[EventCountry "ARM"]
[SourceTitle "CBM 055"]
[Source "ChessBase"]
[SourceDate "1996.12.01"]
[SourceVersion "1"]
[SourceVersionDate "1996.12.01"]
[SourceQuality "1"]
[WhiteTeam "England"]
[BlackTeam "Romania"]
[WhiteTeamCountry "ENG"]
[BlackTeamCountry "ROU"]

1. d4 d6 2. e4 Nf6 3. Nc3 g6 4. g3 Bg7 5. Bg2 O-O 6. Nge2 e5 7. h3 Nc6 8. Be3
exd4 9. Nxd4 Bd7 10. O-O Re8 11. Nde2 b5 12. a3 (12. Nxb5 Nxe4 13. Nbc3 Nxc3
14. Nxc3 Rb8 15. Rb1 Qc8 16. Kh2 Re5 (16... a5 17. Nd5 Nb4 18. c3 Nxd5 19. Qxd5
Rb5 20. Qd2 Bxh3 21. Bg5 Bxg2 22. Kxg2 Qg4 23. Bf4 Rh5 {0-1 Molvig,H-Sorensen,
T/Copenhagen (01)/1995/ (40)}) 17. Nd5 Rh5 18. h4 Re5 19. Qd2 Re6 20. b3 Ne5
21. Bd4 {1-0 Stohl,I-Lohrscheid,G/Biel op (11)/1989/ (37)}) 12... a5 (12... Rb8
13. Qc1 Qc8 14. Kh2 a5 15. Bg5 b4 16. axb4 axb4 17. Bxf6 Bxf6 18. Nd5 Bg7 19.
g4 Rb5 20. Ng3 Rc5 21. Rb1 Qd8 22. Qd1 Ne5 23. Nxb4 Qh4 {0-1 Prandstetter,
E-Fritz,R/Berliner Sommer/1991/ (42)}) (12... h5 13. Nf4 Ne5 14. b3 a5 15. Nd3
Qc8 16. Nxe5 dxe5 17. Kh2 b4 18. Na4 Bc6 19. Qd3 Qd7 20. Qxd7 Nxd7 21. axb4 {
1/2-1/2 Stefansson,H-Chabanon,J/Reykjavik FRA-ISD (05)/1993/}) 13. Nd4 (13. Nf4
b4 (13... Rb8 14. f3 Ne5 15. Bf2 Nc4 16. b3 Nb6 17. Qd2 b4 18. axb4 axb4 19.
Nce2 d5 20. e5 Rxe5 21. Nd3 Re8 22. Nxb4 Bb5 {1/2-1/2 Magem Badals,J-Calvo,J/
ESP-chT (02)/1995/ (28)}) 14. axb4 axb4 15. Rxa8 Qxa8 16. Ncd5 Qc8 17. Nxf6+
Bxf6 18. b3 Bg7 19. Kh2 Ne5 20. Nd5 Bb5 21. Re1 c5 22. Bg5 Nc6 23. Qd2 Re6 24.
h4 {1-0 Paulsen,D-Zessinger,R/BL 8586/1986/ (34)}) (13. g4 b4 14. axb4 axb4 15.
Rxa8 Qxa8 16. Nd5 Nxd5 17. exd5 Ne5 18. b3 c5 19. Re1 (19. Ng3 Qc8 20. Ne4 Qb8
21. f4 Nxg4 22. hxg4 f5 23. gxf5 gxf5 24. Ng5 Rxe3 25. Qh5 {Gelfand,B-Adams,M/
Madrid (09)/1996/1/2-1/2 (64)}) 19... Qc8 20. Qc1 h5 21. f4 hxg4 22. fxe5 gxh3
23. e6 hxg2 24. exd7 Qxd7 {1/2-1/2 Svidler,P-Makarjev,I/URS-chJ Jurmala/1992/ 
(44)}) 13... b4 14. e5 (14. axb4 $2 axb4 15. Rxa8 Qxa8 16. Ncb5 (16. Nd5 Nxd5
17. exd5 Nxd4 18. Bxd4 Bb5 19. Bxg7 Bxf1 $19) 16... Qb8 $17) 14... Nxe5 (14...
bxc3 15. Nxc6 Bxc6 16. Bxc6 cxb2 17. Rb1 Rxe5 18. Bxa8 Qxa8 19. Bd4 $14) (14...
Nxd4 $5 15. exf6 (15. axb4 dxe5 16. bxa5 Bc6 $19) 15... bxc3 16. Bxd4 (16. bxc3
Bc6 17. Bxc6 Nxc6 18. fxg7 Qd7 $15) 16... Bxf6 17. bxc3 Rb8 $10) 15. axb4 c6 (
15... Rb8 16. bxa5 Rxb2 17. a6 $16) 16. b5 cxb5 (16... Qc8 17. Kh2 $1 (17. Nxc6
Nxc6 18. bxc6 (18. Bxc6 Bxc6 19. bxc6 Qxh3) 18... Bxh3 19. Qxd6 Bxg2 20. Kxg2
Re6 $15) 17... Qb7 18. bxc6 Nxc6 19. Ncb5 $16) 17. Ndxb5 (17. Bxa8 Qxa8 18. Kh2
b4 $132) 17... d5 (17... Bxb5 18. Nxb5 d5 19. Bd4 $14) 18. Bd4 $6 (18. Nd6 $5
Re6 (18... Bg4 $2 19. hxg4 Qxd6 20. g5 Nfg4 21. Bd4 $18) 19. Nb7 Qc7 20. Nc5
Rd6 $16) 18... Rb8 19. Re1 Ne4 (19... Bxb5 20. Bxe5 Rb6 21. Nxd5 Nxd5 22. Bxd5
$18) (19... Nc4 $1 20. Rxe8+ Bxe8 21. Na7 (21. b3 Bxb5 22. Nxb5 Rxb5 23. bxc4
dxc4 24. c3 $10) 21... Rxb2 22. Nxd5 Rb8 $13) 20. Nxe4 dxe4 (20... Bxb5 21. Nc3
Bc6 22. Ne2 $16) 21. Nd6 Bg4 (21... Re6 22. Nxe4 $18) 22. hxg4 Qxd6 23. Rxe4 f5
$6 (23... Red8 $1 24. Qe2 (24. c3 $2 Nc6 $10) 24... Nf3+ 25. Qxf3 Bxd4 26. c3
$16) (23... Nf3+ $2 24. Bxf3 Rxe4 25. Bxg7 $1 Qxd1+ 26. Rxd1 $18) 24. gxf5 gxf5
25. Re2 Red8 (25... Nf3+ 26. Bxf3 Rxe2 (26... Bxd4 27. c3 Qxg3+ 28. Kf1 Rxe2
29. fxg3 Rf2+ 30. Kg1 Rd2+ 31. cxd4 Rxd1+ 32. Bxd1 $18) 27. Qxe2 Bxd4 28. c3
Qxg3+ 29. Bg2 Bb6 30. Rxa5 $16) 26. c3 f4 (26... Nc6 27. Bxc6 Qxc6 28. Rxa5 $18
) 27. Rxa5 f3 28. Rexe5 fxg2 (28... Bxe5 $5 29. Bxf3 Bxd4 30. Bd5+ Qxd5 31.
Rxd5 Rxd5 32. Qg4+ Kh8 33. cxd4 Rbd8 $16) 29. Qg4 (29. Qg4 Qg6 30. Rg5 $18) 1-0

[Event "New York op"]
[Site "New York"]
[Date "1998.03.21"]
[Round "8"]
[White "Sutovsky, Emil"]
[Black "Agrest, Evgenij"]
[Result "1-0"]
[WhiteElo "2595"]
[BlackElo "2525"]
[Annotator "Ftacnik,L"]
[PlyCount "69"]
[EventDate "1998.03.16"]
[EventType "swiss"]
[EventRounds "9"]
[EventCountry "USA"]
[SourceTitle "CBM 064"]
[Source "ChessBase"]
[SourceDate "1998.06.02"]
[SourceVersion "1"]
[SourceVersionDate "1998.06.02"]
[SourceQuality "1"]

1. e4 {Yudasin,L} d6 2. d4 Nf6 3. Nc3 g6 4. Bg5 Bg7 5. Qd2 h6 6. Bf4 Nbd7 (6...
Nc6 7. O-O-O g5 8. Be3 Ng4 9. h4 Nxe3 10. fxe3 (10. Qxe3 e5 11. dxe5 Bxe5 12.
g3 g4 13. Bb5 a6 14. Bxc6+ bxc6 15. f4 gxf3 16. Nxf3 Qf6 17. Nxe5 Qxe5 {
1/2-1/2 Stasiunaite,L-Dambravaite,A/LTU-chW 1994 (43)}) 10... g4 11. Nge2 h5
12. Kb1 e6 13. Ng3 Bd7 14. e5 dxe5 15. d5 exd5 16. Qxd5 Qe7 17. Bc4 O-O-O 18.
Qxf7 Rdf8 19. Qxe7 Nxe7 20. Rdf1 {1/2-1/2 Bondarevsky,I-Kaiev,L/URS-sf 1940 
(31)}) (6... g5 {Yudasin,L} 7. Bg3 Nh5 8. f3 Nxg3 9. hxg3 Nc6 10. Bb5 $14) 7.
O-O-O g5 8. Be3 Ng4 9. h4 Nxe3 10. Qxe3 (10. fxe3 g4 11. Nge2 (11. h5 $36 {
/\Bc4}) 11... h5 12. Ng3 c5 13. Kb1 e6 14. Nb5 Qb6 15. a4 Bf8 16. a5 Qd8 17. e5
dxe5 18. d5 a6 19. dxe6 fxe6 20. Bd3 axb5 21. Bg6+ Ke7 22. Rhf1 Qc7 23. Ne4 Kd8
{Voloshin,L-Czerwonski,A/Warsaw op 1990/0-1 (56)}) 10... g4 (10... e6 {Yudasin,
L} 11. hxg5 Qxg5 12. f4 Qe7 13. Nge2 {/\Ng3-h5}) 11. f4 (11. h5 c5 12. Nge2 (
12. dxc5 Nxc5 13. Bb5+ Bd7 14. Bxd7+ Qxd7 $15) 12... a6 13. dxc5 Nxc5 14. Nd4
Qa5 15. Bc4 Bd7 16. Nd5 {/\b4+-} Na4 17. b4 $5 Qd8 18. Nf5 Bb2+ 19. Kb1 Rc8 20.
Bb3 Be5 21. Nfxe7 Nc3+ 22. Kc1 $1 Nxd5 $1 23. Nxd5 Be6 24. Kb1 Bxd5 25. Rxd5
Qf6 26. Rhd1 $14 {1-0 Polgar,J-Smirin,I/Groningen PCA 1993 (39)}) 11... gxf3 (
11... c5 12. Nge2 b6 13. g3 $14) (11... h5 {Yudasin,L} 12. Nge2 {/\g3,Bg2,e5+/-
}) 12. Nxf3 (12. gxf3 $5 {Yudasin,L /\Bh3,f4,Nf3}) 12... c5 13. Rh3 (13. dxc5
Nxc5 (13... dxc5 14. e5 $16) 14. Bb5+ (14. e5 {Yudasin,L} O-O (14... Be6 15.
exd6 exd6 16. Nd4 $16) 15. exd6 exd6 16. Bc4 $16) 14... Bd7 15. Bxd7+ Nxd7 16.
g4 Rc8 $11) 13... Qa5 (13... cxd4 14. Nxd4 Ne5 15. Bb5+ Kf8 16. Nf5 Qb6 $11)
14. Kb1 a6 15. Rg3 cxd4 (15... Rg8 16. Nd5 e6 $13) 16. Nxd4 Be5 17. Nd5 $1 e6
$1 {Black should be fine with such a strong bishop on e5, but the semiopen g
and c files can give access to white pieces. The king on e8 and unfinished
development make the defense quite difficult.} (17... Bxg3 $2 18. Qxg3 Rf8 (
18... e6 19. Qg7 (19. Nb3 {Yudasin,L} Qd8 20. Qc3) 19... Rf8 20. Nxe6 $18) (
18... Kf8 19. Nf5 Rg8 20. Qf4 Rg6 21. Ndxe7 $18) 19. Nb3 (19. Qg7 Ne5 20. Qxh6
Bg4 $13) 19... Qd8 20. Qc3 $18) 18. Nf4 Nf6 (18... Qb6 $5 19. Rf3 Bxd4 (19...
Rg8 20. Nfe2 Nc5 21. Nc3 $14) 20. Qxd4 Qxd4 21. Rxd4 e5 22. Nd5 exd4 23. Nc7+
Ke7 24. Nxa8 Ne5 25. Rf2 $14) 19. Nf3 Bd7 (19... Bxf4 20. Qxf4 Nh5 21. Qxd6
Nxg3 22. Qxg3 $16) 20. Nxe5 Qxe5 (20... dxe5 21. Nd3 Bc6 22. Nc5 $16 (22. Nf2 {
Yudasin,L} Rd8 $13)) 21. Rd4 {The demise of the bishop e5 reveals the depth of
black's problems. His queen can be pushed away from e5 and then white gets the
chance to penetrate in the center.} Qc5 (21... O-O-O 22. Rf3 $16) (21... Bc6 {
Yudasin,L} 22. Nd3 Qa5 23. e5 Nd5 24. Qf2 $16) 22. Nd3 Qb6 23. e5 $1 Nd5 (23...
dxe5 24. Qxe5 Rg8 25. Rf3 Nh7 26. Rxd7 Kxd7 27. Rxf7+ $18) 24. Qf2 (24. Rxd5
Qxe3 25. Rxe3 exd5 26. exd6+ Kf8 $13) 24... f5 (24... Nc3+ 25. Ka1 Nb5 (25...
Nd1 {Yudasin,L} 26. Qf6) 26. Qf6 $1 Rf8 27. Rc4 (27. exd6 {Yudasin,L} Nxd6 $16)
27... Nd4 28. exd6 Nf5 29. Rf4 Nxd6 30. Ne5 $16) (24... Rf8 25. Ka1 $1 (25.
exd6 Nc3+ 26. Ka1 Nb5 27. Rf4 Qxf2 28. Nxf2 Nxd6 $13) (25. c4 {Yudasin,L} Nc3+
26. Kc2 Na4 27. b3 dxe5 28. Nxe5) 25... Rc8 26. c4 dxe5 27. Nxe5 $16) (24...
dxe5 $2 25. Nxe5 f6 26. Nxd7 Kxd7 27. Rxd5+ $18) 25. exf6 (25. c4 {Yudasin,L}
Nc3+ 26. Kc2 Ne4) 25... Rf8 (25... Nc3+ {Yudasin,L} 26. Ka1 Nd1 27. Qf4 e5 28.
Re4) 26. Rg6 Ne7 (26... Nc3+ 27. Ka1 Nd1 (27... Nb5 28. Rf4 Qxf2 29. Rxf2 Nd4
30. g4 $18) 28. Qf4 (28. Qg1 {Yudasin,L} e5 29. f7+ Rxf7 30. Rgxd6 Qxd4 31.
Rxd4 exd4 32. Be2 Ne3 33. Bh5) 28... e5 29. Re4 Rc8 30. f7+ Rxf7 31. Rxe5+ dxe5
32. Qxe5+ Kf8 (32... Kd8 33. Rg8+ Be8 34. Qxe8+ Kc7 35. Qxc8+ $18) 33. Rxb6
Rxf1 34. Rf6+ $18) (26... O-O-O {Yudasin,L} 27. Rxh6) 27. h5 e5 $6 (27... Rc8
28. Rf4 Qxf2 29. Rxf2 Nf5 30. g4 Ne3 31. Bh3 e5 32. Re2 $18) (27... Nxg6 {
Yudasin,L} 28. hxg6 e5 29. f7+ Ke7 30. Nxe5) 28. Rxd6 $1 {Small combinations
are the spice of the chess, this one underlines black's troubles.} Qc7 (28...
Qxd6 29. f7+ Rxf7 30. Qxf7+ Kxf7 31. Rxd6 Rf8 32. Be2 Bf5 33. Nxe5+ Kg7 34. g4
$18) (28... Qxf2 29. Nxf2 Nxg6 30. hxg6 Rd8 (30... Bb5 {Yudasin,L} 31. Bxb5+
axb5 32. Ng4 Rd8 33. Rxd8+ Kxd8 34. g7) 31. g7 Rg8 32. Bc4 $18) 29. Qc5 (29.
f7+ {Yudasin,L} Rxf7 30. Rdf6 $18) 29... Rc8 (29... Qxc5 {Yudasin,L} 30. Nxc5
Bc6 31. Bc4) 30. Qxc7 Rxc7 31. Nxe5 Bf5 (31... Nxg6 32. hxg6 Bc8 33. Bc4 Rxf6
34. Rxf6 Re7 35. Bf7+ $18) 32. Bd3 Nxg6 33. hxg6 Rc5 (33... Bxd3 34. cxd3 h5
35. Re6+ Kd8 36. f7 $18) 34. g7 (34. Bxf5 Rxe5 35. Bd7+ Kd8 36. Bg4+ Kc7 37.
Rd7+ Kc6 38. g7 Re1+ 39. Rd1 $18) 34... Rxe5 35. Rd8+ $1 (35. Rd8+ $1 Kxd8 36.
gxf8=Q+ Kc7 37. b3 $18) 1-0

[Event "Interzonal-16"]
[Site "Biel"]
[Date "1993.??.??"]
[Round "10"]
[White "Sveshnikov, Evgeny"]
[Black "Van Wely, Loek"]
[Result "1-0"]
[WhiteElo "2570"]
[BlackElo "2585"]
[Annotator "Ftacnik,L"]
[PlyCount "53"]
[EventDate "1993.07.16"]
[EventType "swiss"]
[EventRounds "13"]
[EventCountry "SUI"]
[SourceTitle "CBM 037"]
[Source "ChessBase"]
[SourceDate "1993.12.01"]
[SourceVersion "1"]
[SourceVersionDate "1993.12.01"]
[SourceQuality "1"]

1. e4 {Stohl} d6 2. d4 Nf6 3. Nc3 g6 4. Be3 Bg7 (4... c6 $5 {Stohl} 5. Qd2 b5
6. f3 Bg7 7. Bh6 Bxh6 8. Qxh6 b4 9. Nd1 Qa5 10. Bd3 Ba6 11. Bxa6 Qxa6 12. Ne2
Nbd7 13. Ne3 Rb8 14. b3 Rb5 15. Nc4 d5 $1 16. exd5 cxd5 17. Nb2 e6 18. O-O Ke7
$10 {Kamsky,G-Gurevich,M/Reggio Top 16/1991/}) 5. Qd2 c6 6. f3 Nbd7 7. g4 (7.
Bh6 {Stohl} Bxh6 8. Qxh6 b5 9. O-O-O Qa5 10. Kb1 Bb7 11. Nh3 O-O-O 12. Bd3 a6
13. Rhe1 e5 14. dxe5 dxe5 15. Ng5 Rdf8 16. Rd2 Qc7 17. Red1 Nc5 18. Bf1 Qe7 19.
a3 $14 {Yudasin,L-McNab,C/Oviedo 45'/1992/}) 7... e5 (7... b5 8. h4 h5 9. g5
Nh7 10. a4 b4 11. Nd1 a5 12. c3 Rb8 13. Bd3 e5 14. f4 bxc3 15. bxc3 exd4 16.
Bxd4 O-O 17. Nf3 Nc5 18. Bxc5 dxc5 19. O-O Bg4 20. Ne3 Re8 21. e5 Nf8 22. Qc2
Ne6 23. Nxg4 hxg4 24. Nh2 $14 {David,Al-McNab,C/Debrecen EU-chT/1992/}) 8.
O-O-O (8. dxe5 dxe5 9. O-O-O h5 10. g5 Nh7 11. Bh3 Qe7 12. f4 exf4 13. Bxd7+
Qxd7 14. Qe1 Qc7 15. Bc5 Nxg5 16. Qh4 Ne6 17. Bd6 Qd8 18. Qe1 Qb6 19. Rd3 Bd4
20. Nf3 Bf2 21. Qd1 Nc5 22. Bxf4 Nxd3+ 23. Qxd3 Bg4 24. e5 $17 {Popov,
A-Shvirev,I/Voroshilovgrad/1989/}) 8... O-O 9. h4 (9. d5 c5 10. Bh6 a6 11. h4
b5 12. Bxg7 Kxg7 13. h5 Qe7 14. Nge2 c4 15. Ng3 Nc5 16. hxg6 fxg6 17. Re1 Nfd7
18. Be2 Nb6 19. Rh2 Kg8 20. Reh1 Rf7 21. Nd1 Ra7 22. Nf2 a5 23. Nh3 Qf6 24. Qh6
$16 {Schein,H-Haider,B/Finkenstein op/1992/}) (9. g5 Nh5 10. Nge2 Qa5 11. Kb1
b5 12. Ng3 exd4 13. Bxd4 Ne5 14. Bxe5 Bxe5 15. Nxh5 gxh5 16. Ne2 b4 17. f4 Be6
18. Nc1 Bc3 19. Qg2 Bxb2 20. Kxb2 c5 21. Rd5 Bxd5 22. exd5 Qa3+ 23. Kb1 Rfe8
24. Bd3 $16 {Corbin,P-Nascimento,A/Novi Sad olm/1990/}) 9... b5 10. h5 (10.
dxe5 dxe5 (10... Nxe5 {Stohl} 11. Qxd6 Nfd7 12. h5 $36) 11. Bc5 (11. h5 $40)
11... Re8 12. Bd6 Qa5 $132) 10... exd4 $6 (10... b4 11. Nb1 exd4 12. Bxd4) (
10... Qa5 $5) 11. Bxd4 b4 (11... c5 12. Be3 (12. Bxf6 {Stohl} Qxf6 13. Qxd6 $14
(13. Bxb5 Rb8 14. Bxd7 Bxd7 15. h6 Bh8 16. Qxd6 Be6 $40)) 12... b4 13. Nb5 Qa5
14. Kb1 Ne8 15. hxg6 hxg6 16. Bh6 $16) 12. Nb1 $1 (12. Nce2 Qa5 13. Kb1 Ne5
$132) 12... Qa5 (12... c5 $5 {Stohl} 13. Be3 Qa5 14. a3 Rb8 $132) 13. hxg6 hxg6
(13... fxg6 14. g5 Nh5 (14... Ne8 {Stohl} 15. Bc4+ Kh8 16. Rxh7+ $1 $18) 15.
Bc4+ Kh8 16. Rxh5 $1 gxh5 17. f4 $16) 14. a3 $1 c5 (14... Rb8 15. axb4 Qxb4 16.
Qxb4 Rxb4 17. Bc3 Rb6 18. Rxd6 $16) 15. axb4 Qa2 (15... Qxb4 16. Bc3 Qb7 17.
Qxd6 $16) (15... cxb4 16. Bc4 $16 (16. g5 {Stohl} Nh5 17. f4 $16)) 16. bxc5 Rb8
(16... dxc5 17. Bc3 Rb8 18. e5 (18. Qh2 {Stohl /\Rd7+-}) 18... Nh7 19. Qh2 Ng5
20. f4 $18) 17. Qh2 Rd8 (17... dxc5 18. Bxf6 Nxf6 (18... Bxf6 $2 19. Qh7#) 19.
Qxb8 $18) 18. c6 (18. cxd6 Nh5 19. Bxg7 Kxg7 20. b3 $18) 18... Nh5 19. Bxg7 (
19. c7 Bxd4 (19... Rxb2 20. cxd8=Q+ Nf8 21. Bxb2 Qxb2+ 22. Kd2 Qd4+ 23. Bd3 $18
) 20. cxd8=Q+ Nf8 21. Kd2 $18 (21. Rxd4 Qxb2+ 22. Kd2 Qxd4+ 23. Bd3 Rxb1 $132))
19... Kxg7 20. b3 (20. c7 $5 {Stohl} Rxb2 21. Nc3 Qa3 22. cxd8=Q Qxc3 23. Qd2
$18) 20... Nc5 21. Bc4 (21. gxh5 Rxb3 22. h6+ Kh8 23. Rxd6 Rxb1+ 24. Kd2 Nxe4+
25. fxe4 Qa5+ $132) 21... Be6 (21... Rb6 22. gxh5 $18) (21... Nf6 {Stohl} 22.
Qh6+ $18) 22. c7 (22. gxh5 {Stohl} Bxc4 23. hxg6 Rxb3 24. Qh6+ Kf6 $13) 22...
Bxc4 23. cxd8=Q Rxb3 (23... Rxd8 24. bxc4 (24. gxh5 $18 {Stohl}) 24... Rb8 25.
Kd2 $18) 24. Qhxd6 $1 Qb2+ (24... Rxb1+ 25. Kd2 Nb3+ (25... Rxd1+ {Stohl} 26.
Kxd1 Qb1+ 27. Kd2 Qb4+ 28. Kc1 Qa3+ 29. Kd1 Qa1+ 30. Kd2 $18) 26. Ke3 Qb2 27.
Q6f8+ Kh7 28. Qg8+ Kh6 29. g5#) (24... Qxb1+ {Stohl} 25. Kd2 Rd3+ 26. Qxd3 $18)
25. Kd2 Rd3+ 26. Ke1 (26. Qxd3 Bxd3 27. gxh5 Qxc2+ 28. Ke1 $18) 26... Qxc2 (
26... Rxd6 27. Qxd6 Nb7 28. Qd4+ $18) (26... Rxd1+ 27. Qxd1 $18) (26... Re3+
27. Kf2 Rxf3+ 28. Kxf3 $18) 27. Q6f8+ (27. Q6f8+ Kh7 28. Qh8#) 1-0

[Event "Interzonal-16"]
[Site "Biel"]
[Date "1993.??.??"]
[Round "2"]
[White "Polgar, Judit"]
[Black "Spasov, Vasil"]
[Result "1/2-1/2"]
[WhiteElo "2630"]
[BlackElo "2540"]
[Annotator "Ftacnik,L"]
[PlyCount "91"]
[EventDate "1993.07.16"]
[EventType "swiss"]
[EventRounds "13"]
[EventCountry "SUI"]
[SourceTitle "CBM 037"]
[Source "ChessBase"]
[SourceDate "1993.12.01"]
[SourceVersion "1"]
[SourceVersionDate "1993.12.01"]
[SourceQuality "1"]

1. e4 d6 2. d4 Nf6 3. Nc3 e5 4. Nf3 Nbd7 5. g3 g6 6. Bg2 Bg7 7. O-O O-O 8. h3
c6 9. Bg5 $1 (9. a4) 9... h6 10. Be3 Re8 11. Qd2 Kh7 12. Rad1 $2 (12. a4 $14)
12... b5 $1 $15 13. dxe5 dxe5 14. Bc5 Bb7 15. Qe3 Qc8 16. Bd6 Re6 $1 {/\ 17...
Ne8 18. Ba3 a5-+} 17. a4 $1 $8 (17. b3 a5 {/\ Ne8-+}) (17. h4 Ne8 18. Ba3 a5
19. Bh3 b4 20. Bxe6 fxe6 $17) 17... a5 $5 (17... a6 18. axb5 axb5 19. h4 Ng4
20. Qc1 Ndf6 $15) 18. axb5 cxb5 19. Nxb5 Nxe4 $1 (19... Ba6 $2 20. c4 $1 Qxc4
21. Nc7 Rxd6 22. Nxa8 Rxd1 23. Rxd1 Qc6 24. Qa7 $16) (19... Qc4 $2 20. Qb3 $1
Qxb3 21. cxb3 Ba6 22. Nc7 Bxf1 23. Kxf1 $1 $16) 20. Ba3 f5 21. b3 Ndf6 $2 (
21... Ndc5 $15) 22. c4 $10 Nh5 $2 (22... a4 $142 $1 $10) 23. Nh4 $1 $14 f4 $2 (
23... Nhf6 $14) 24. Qd3 Nc5 25. Bxb7 Nxb7 26. g4 e4 27. Qd7 $1 $16 Nf6 $8 28.
Qf7 Ne8 29. Qxf4 Nc5 30. Bxc5 $2 (30. Qf7 $1 Rf6 31. Qe7 Nxb3 32. Rd7 $18)
30... Qxc5 31. Rd7 e3 32. Nd4 exf2+ 33. Qxf2 Rd6 $1 34. Rxd6 Qxd6 $14 35. Nb5
Qd3 36. Qf3 Qxf3 37. Nxf3 a4 38. bxa4 Rxa4 39. Re1 $2 (39. Rc1 $142 $1 Rb4 $8
40. Rc2 $14) 39... Nf6 40. Nd6 Bf8 41. c5 Ra3 $10 42. Nd4 Rxh3 43. Rf1 Rg3+ 44.
Kh2 Bxd6 45. cxd6 Rd3 46. Rxf6 1/2-1/2

[Event "Interpolis-03"]
[Site "Tilburg"]
[Date "1979.11.05"]
[Round "4"]
[White "Smyslov, Vassily V"]
[Black "Sax, Gyula"]
[Result "0-1"]
[WhiteElo "2560"]
[BlackElo "2590"]
[Annotator "Ftacnik,L"]
[PlyCount "108"]
[EventDate "1979.11.01"]
[EventType "tourn"]
[EventRounds "11"]
[EventCountry "NED"]
[EventCategory "15"]
[SourceTitle "MCL"]
[Source "ChessBase"]
[SourceDate "1999.07.01"]
[SourceVersion "1"]
[SourceVersionDate "1999.07.01"]
[SourceQuality "1"]

1. Nf3 Nf6 2. g3 g6 3. Bg2 Bg7 4. O-O O-O 5. d4 d6 6. Nc3 Nbd7 7. e4 e5 8. dxe5
(8. a4 a5 9. dxe5 (9. h3 Re8 (9... c6 10. Be3 Re8 11. Re1 (11. dxe5 dxe5 12.
Qe2 b6 13. Rfd1 Ba6 14. Qe1 Bf8 $10 {Sosonko-Klarenbeek/NL ch/1992}) 11... exd4
12. Bxd4 (12. Nxd4 Nc5 13. f3 Nfd7 14. Bf2 Qb6 15. b3 $14 {Romanischin-Akopian/
Erevan/1989}) 12... Qc7 13. Nd2 b6 $13 {Landa-Akopian/Jurmala/1989}) (9... b6
10. dxe5 (10. Re1 Bb7 11. d5 $14 {><Lb7 Romanishin-van Wely/Taastrup/1992})
10... dxe5 11. b3 Bb7 12. Nd2 Re8 13. Nc4 Nc5 $10 {Rashkovsky-Frolov 1991}) 10.
Re1 exd4 11. Nxd4 Nc5 12. Bf4 Nh5 13. Be3 Nf6 14. Bf4 Nh5 15. Be3 Nf6 16. f3
$13 {Romanischin-Knaak/Bad Lauterberg/1991}) 9... dxe5 10. b3 Re8 11. Ba3 Bf8
12. Bxf8 Kxf8 $10 {Smyslov - Petrosjan, Moskau 1981}) (8. h3 Re8 9. Re1 (9. Bg5
exd4 10. Nxd4 h6 11. Bf4 Ne5 12. b3 a6 13. Qd2 Kh7 14. Rad1 b5 15. Nd5 Bb7 16.
Rfe1 c5 $1 17. Nxf6+ Qxf6 18. Ne2 g5 $36 {Marjanov,Z-Laketic,G/JUG-Cup/f Pula
1991}) 9... c6 10. a4 Qc7 11. Be3 b6 12. d5 $5 Bb7 13. Nd2 cxd5 14. exd5 a6 15.
g4 Rac8 16. Nf1 h5 $5 17. g5 Nh7 18. Ng3 Nc5 19. Nge4 Rb8 $1 $13 {Bernard,
C-Stangl,M,Wildbad 1990-EXP 20}) (8. Re1 h6 9. h3 c6 10. a4 Re8 (10... Nh7 $5 {
/\Ng5-e6<=>}) 11. Be3 exd4 12. Nxd4 Ne5 13. Qe2 d5 14. exd5 cxd5 15. b3 Nc6 16.
Qd2 Kh7 $14 {Lazic,M-Ilincic,Z/JUG-ch /1990/CBM 17}) 8... dxe5 9. b3 (9. a4 c6
10. b3 Re8 11. Ba3 Bf8 12. Bxf8 Kxf8 13. Nd2 Qe7 14. Nc4 Nb6 15. Nxb6 axb6 16.
Qd2 Kg7 17. Rad1 Bg4 18. f3 Qc5+ 19. Qf2 Be6 $10 {Smyslov,V-Ivanovic,B/Manila
izt/1990/CBM 19}) 9... b6 10. a4 (10. Ba3 Re8 11. Qe2 Bf8 12. Bxf8 Nxf8 13.
Rad1 Qe7 14. Nd5 Nxd5 15. exd5 e4 $13) 10... Bb7 11. Nd2 Re8 12. Ba3 Bf8 13.
Bxf8 Nxf8 14. Nc4 Ne6 $1 15. Re1 (15. Nxe5 Qd4 $1 $17) 15... Qd4 $5 (15... Nd4
16. Nb5 a6 17. Nxd4 Qxd4 18. Qxd4 exd4 19. e5 Bxg2 $10) 16. Nd5 $5 Kg7 17. Qf3
$2 (17. Nxf6 Kxf6 18. Qf3+ Kg7 19. Rad1 Qc5 20. Rd7 Re7 21. Rxe7 (21. Nxe5 Ng5
$17) 21... Qxe7 22. Nxe5 Nd4 23. Qf4 g5 $19) (17. Qxd4 Nxd4 18. Nxc7 Nxc2 19.
Nxe8+ Rxe8 20. Nd6 Re7 21. Rac1 Nxe1 22. Rxe1 Rd7 23. Nxb7 Rxb7 24. Rc1 a5 $10)
17... Bxd5 18. exd5 e4 19. Qd1 Nxd5 20. Bxe4 Rad8 21. Bxd5 Qxd5 (21... Rxd5 22.
Qxd4+ Rxd4 23. a5 b5 24. Ne5 $14) 22. Qxd5 Rxd5 23. Rad1 Red8 24. Rxd5 Rxd5 25.
Kg2 $2 (25. Kf1) 25... Kf6 26. Ne3 Rd2 27. Ng4+ $2 Ke7 28. Ne3 Kd7 29. Rd1 Rxd1
30. Nxd1 Nd4 31. Ne3 Kd6 32. h4 (32. h3) 32... Kc5 33. Kf1 Kb4 34. Ke1 Kc3 35.
Kd1 c6 36. Kc1 Nf3 37. Nc4 (37. Nd1+ Kd4) 37... f5 $1 38. Nb2 f4 $1 39. Nc4 (
39. Nd3 $2 fxg3 40. fxg3 Nd4 41. Ne1 Ne2+) 39... Nd4 40. Ne5 fxg3 41. fxg3 c5
42. a5 Nxc2 43. axb6 axb6 44. Nd7 Nd4 45. Nxb6 Ne2+ (45... Nxb3+ 46. Kd1 Nd4
$19) 46. Kd1 Nxg3 47. Nd7 {adjourned} Kb4 $1 48. Kc2 Nf5 49. Nf8 Nxh4 $1 (49...
Nd4+ $2 50. Kb2 Nxb3 51. Nxh7 c4 52. Nf8 c3+ 53. Kb1 Nd4 54. Nxg6 Kb3 55. Nf4
$10) 50. Nxh7 Nf5 51. Nf6 Nd4+ 52. Kd3 (52. Kb2 Nxb3 53. Nd5+ Kc4 54. Ne3+ Kd3
55. Nd5 Nd4 56. Nf4+ Kd2 57. Nxg6 c4 $19) 52... Kxb3 53. Nd7 (53. Ke4 Nc6 $1
54. Kd5 c4 55. Ne4 c3 56. Nc5+ Kb4 57. Nd3+ Kb5 58. Nc1 c2 $1 $19) 53... Ne6
54. Ne5 g5 0-1